Movie Monster Multiple Choice Quiz Stats

 Plays Quiz not verified by Sporcle

Challenge
Share
Tweet
Score 0/20 Timer 05:00
0 Plays Today
Question Answer Wrong Answers
This monster's name is a portmanteau of the Japanese words for 'gorilla' and 'whale'. It first appeared on the silver screen in 1954: Godzilla
93.7%
Mothra
1.5%
Rodan
1.4%
Gorath
3.3%
Wray, Bridges, Brody and even Godzilla have taken their shot at this movie monster in multiple version over the past 80 years: King Kong
90.4%
The Thing
1.6%
Dracula
1.4%
The Mummy
1.2%
This movie starred an alien that had razor sharp teeth and acidic blood, as John Hurt unfortunately discovered: Alien
89.1%
The Ghoul
3.7%
White Mischief
1.1%
Indiana Jones and the Kingdom of the Crystal Skull
1.3%
Don't get them wet and don't feed them after midnight. And remember, this was a Christmas movie!: Gremlins
85.6%
Aliens
0.7%
Critters
1.3%
The Deadly Spawn
0.6%
The tagline for this monster movie was 'Don't go in the water': Jaws
84.6%
The Abyss
1.1%
Creature from the Black Lagoon
6.1%
Leviathan
0.7%
This movie monster was played, in various incarnations, by David Hedison, David Hedison and Jeff Goldblum: The Fly
80.8%
Dracula
9.5%
The Creature from the Black Lagoon
3.2%
Mothman
2.5%
This 2008 entry in the 'found footage' genre involves a giant monster attacking New York City: Cloverfield
74.4%
The Blair Witch Project
5.4%
The Last Horror Movie
4.9%
Paranormal Activity
4.9%
The star monster of this Guillermo del Toro movie had his eyes in the palms of his hands: Pan's Labyrinth
74%
The Host
5.8%
Hellraiser
6.4%
Hellboy
6.6%
Pretty much just an eye with legs, this Billy Crystal voiced monster helps generate power for Monstropolis: Mike
70.9%
Sully
14.3%
Henry Waternoose
2.6%
Randall Boggs
2.6%
Also known as 'Durin's Bane' for its role in the demise of the great dwarf, this Tolkien monster is refused a hall pass by Gandalf: Balrog
69.2%
Witch-king of Angmar
3.6%
Azog
12.1%
Shelob
5.7%
Ward Cleaver, subterranean Sumerians and a race of enslaved mushroom harvesters? Surely, this 1954 movie must be a classic: The Mole People
67.1%
The Deadly Mantis
5.4%
Attack of the Giant Leaches
7.2%
Attack of the Crab Monsters
10.9%
The first of the radioactive enlargement films, this 1954 entry featured Emmy, Grammy, Tony and Golden Globe winner James Whitmore battling giant ants: Them
65%
It
8.9%
Tarantula
12.7%
The Giant Claw
4.7%
This monster movie, released in 1958 was an early starring role for Steve McQueen. It was remade 30 years later: The Blob
63.9%
Creature from the Black Lagoon
21.8%
This Island Earth
1%
Them
5.2%
This monster has been played by Charles Ogle, Boris Karloff, Robert DeNiro, Lon Chaney and Peter Boyle, among others: Frankenstein's monster
63.1%
Dracula
26.2%
The Creature from the Black Lagoon
2.9%
The Thing
0.9%
Kevin Peter Hall, who was also Harry in 'Harry and the Hendersons' played the antagonist opposite Arnold Schwarzenegger in this movie: Predator
62.8%
Conan
5.7%
The Terminator
14.1%
Total Recall
7.1%
This botanical monster sang 'Feed Me' and 'Suppertime' in the 1988 version of 'Little Shop of Horrors': Audrey II
62.1%
Ronette
11.5%
Crystal
6.6%
Chiffon
9.8%
This Harry Potter movie featured a giant monster that Harry had to kill with a sword delivered by a Phoenix. Chamber of Secrets
54.6%
Goblet of Fire
7.4%
Order of the Phoenix
25.9%
Half-Blood Price
4.5%
Though the 1982 Kurt Russell version is far better known today, the original 1951 film starred James Arness in the title role and ended with the chilling warning: 'Keep Watching the Skies!': The Thing
54.1%
The Day the Earth Stood Still
8.5%
War of the Worlds
11.3%
Invasion of the Body Snatchers
19.6%
A movie about people making a zombie movie that turns into a monster movie, it was directed by J.J. Abrams: Super 8
50.1%
Zombieland
23.5%
Nightbeast
4.6%
10 Cloverfield Lane
10.4%
Among the most famous monstrous movie humans, this character has been played over the years by Warrington Gillette, Richard Brooker, C.J. Graham, Kane Hodder, Derek Mears and others: Jason Voorhees
44.4%
Count Dracula
25.7%
Freddy Krueger
8.9%
Victor Frankenstein
9.8%

You're not logged in!

Compare scores with friends on all Sporcle quizzes.
Join for Free
OR
Log In

You Might Also Like...

Show Comments

Extras

Top Quizzes Today


Score Distribution

Your Account Isn't Verified!

In order to create a playlist on Sporcle, you need to verify the email address you used during registration. Go to your Sporcle Settings to finish the process.

Report this User

Report this user for behavior that violates our Community Guidelines.

Details: